[Event "ICS rated blitz match"]
[Site "204.178.125.65"]
[Date "2000.09.09"]
[Round "?"]
[White "Texan"]
[Black "Hossa"]
[Result "0-1"]
[WhiteElo "1973"]
[BlackElo "2578"]
[PlyCount "68"]
[EventDate "2000.??.??"]

1. e4 e5 2. Nc3 Nf6 3. f4 d5 4. fxe5 Nxe4 5. Nf3 Be7 6. d3 Nxc3 7. bxc3 O-O 8.
Be2 c5 9. d4 f6 10. exf6 Bxf6 11. O-O Qa5 12. Bd2 Nc6 13. c4 Qd8 14. cxd5 Nxd4
15. Rb1 Qxd5 16. Kh1 Nxe2 17. Qxe2 Qxa2 18. Bg5 Be6 19. Bxf6 Bc4 20. Qe7 Rf7
21. Qxc5 Bxf1 22. Rxf1 Rxf6 23. h3 Rf7 24. Re1 b6 25. Qc6 Raf8 26. Kh2 Rf6 27.
Qc7 h6 28. Re7 R6f7 29. Ne5 Rxe7 30. Qxe7 Qxc2 31. Qe6+ Kh7 32. Ng4 Qf5 33. Qe7
Qf4+ 34. Kh1 Rc8 {Texan resigns} 0-1

[Event "ICS rated blitz match"]
[Site "204.178.125.65"]
[Date "2000.09.09"]
[Round "?"]
[White "Hossa"]
[Black "Texan"]
[Result "1-0"]
[WhiteElo "2579"]
[BlackElo "1972"]
[PlyCount "101"]
[EventDate "2000.??.??"]

1. e4 d5 2. exd5 Qxd5 3. Nc3 Qd8 4. d4 Nf6 5. Nf3 Bf5 6. Be2 e6 7. Nh4 Bg6 8.
Nxg6 hxg6 9. Bf3 c6 10. Bg5 Be7 11. Qd2 Nbd7 12. O-O O-O 13. Rfe1 Nb6 14. Be2
Nbd5 15. Bc4 Nxc3 16. Qxc3 Nd5 17. Bxe7 Qxe7 18. Qg3 Rac8 19. c3 Qc7 20. Qxc7
Rxc7 21. Bxd5 cxd5 22. g4 b5 23. Kg2 a5 24. a4 Rb8 25. axb5 Rxb5 26. Ra2 Ra7
27. b4 a4 28. Rea1 Rc7 29. Ra3 g5 30. Kf1 Rb6 31. Ke1 g6 32. Kd2 Kg7 33. Rxa4
Rb8 34. Ra8 Rcc8 35. Rxb8 Rxb8 36. f3 Rh8 37. Rh1 Kf8 38. h3 Ke7 39. Kc1 Kd6
40. Kc2 Kc6 41. Kb3 Kb5 42. Rh2 Rh4 43. Kc2 Kc4 44. Rh1 Rh8 45. Kb2 Rh4 46. Rh2
Rh8 47. Rh1 Rh4 48. b5 Kxb5 49. Kc2 Kc4 50. Rb1 Rxh3 51. Rb4# {Texan checkmated
} 1-0

[Event "ICS rated blitz match"]
[Site "204.178.125.65"]
[Date "2000.09.09"]
[Round "?"]
[White "Hossa"]
[Black "kingkiller2"]
[Result "1-0"]
[WhiteElo "2580"]
[BlackElo "1964"]
[PlyCount "89"]
[EventDate "2000.??.??"]

1. e4 e6 2. d4 Nf6 3. e5 Nd5 4. Nf3 c5 5. c4 Nb6 6. Bg5 Be7 7. dxc5 Bxg5 8.
cxb6 Be7 9. bxa7 Rxa7 10. Nc3 O-O 11. Bd3 Bb4 12. Qc2 h6 13. O-O Nc6 14. Bh7+
Kh8 15. Nb5 Ra8 16. Rfd1 g6 17. Bxg6 fxg6 18. Qxg6 Qe7 19. Nc7 Rb8 20. a3 Ba5
21. Qxh6+ Kg8 22. Nb5 Qg7 23. Qxg7+ Kxg7 24. b4 Bd8 25. Re1 Rf4 26. c5 b6 27.
cxb6 Bxb6 28. Nd6 Bb7 29. Nxb7 Rxb7 30. Rab1 Nd4 31. Nxd4 Bxd4 32. Re2 Rb8 33.
g3 Rf3 34. Rd1 Bb6 35. Rxd7+ Kg6 36. Re7 Kf5 37. Rf7+ Kg6 38. Rxf3 Rc8 39. Rf6+
Kg5 40. Rxe6 Rc1+ 41. Kg2 Bd4 42. f4+ Kf5 43. Rf6+ Kg4 44. h3+ Kh5 45. g4+ {
kingkiller2 resigns} 1-0

[Event "ICS rated blitz match"]
[Site "204.178.125.65"]
[Date "2000.09.09"]
[Round "?"]
[White "Inegrepus"]
[Black "Hossa"]
[Result "0-1"]
[WhiteElo "1996"]
[BlackElo "2582"]
[PlyCount "31"]
[EventDate "2000.??.??"]

1. Nf3 Nf6 2. Nc3 d5 3. h4 d4 4. Nb5 e5 5. d3 a6 6. Na3 Bxa3 7. bxa3 Nc6 8. e4
dxe3 9. Bxe3 Nd5 10. h5 Nxe3 11. fxe3 Qd6 12. h6 gxh6 13. Nh4 Be6 14. c4 O-O-O
15. Rb1 e4 16. Be2 {Inegrepus resigns} 0-1

[Event "ICS rated blitz match"]
[Site "204.178.125.65"]
[Date "2000.09.09"]
[Round "?"]
[White "Hossa"]
[Black "mayiv"]
[Result "1-0"]
[WhiteElo "2583"]
[BlackElo "2015"]
[PlyCount "41"]
[EventDate "2000.??.??"]

1. e4 c5 2. Nf3 g6 3. d4 cxd4 4. Nxd4 Nf6 5. Nc3 Nc6 6. Nxc6 bxc6 7. e5 Nd5 8.
Nxd5 cxd5 9. Qxd5 Rb8 10. e6 fxe6 11. Qe5 Rg8 12. Qxb8 Bg7 13. Qxa7 Kf7 14. h4
Rf8 15. h5 Kg8 16. hxg6 hxg6 17. Bd3 Qe8 18. Qe3 Qf7 19. Qg3 Bb7 20. Bxg6 Qf6
21. Bh6 {mayiv resigns} 1-0

[Event "ICS rated blitz match"]
[Site "204.178.125.65"]
[Date "2000.09.09"]
[Round "?"]
[White "lambChop"]
[Black "Hossa"]
[Result "0-1"]
[WhiteElo "2522"]
[BlackElo "2584"]
[PlyCount "168"]
[EventDate "2000.??.??"]

1. d4 d5 2. c4 e6 3. Nf3 Nf6 4. Bg5 h6 5. Bxf6 Qxf6 6. Nc3 c6 7. e3 Nd7 8. Bd3
dxc4 9. Bxc4 Nb6 10. Bd3 Nd5 11. Qd2 Nxc3 12. Qxc3 Bd6 13. Ne5 O-O 14. O-O c5
15. f4 cxd4 16. exd4 Rd8 17. Be4 g6 18. Rac1 Rb8 19. Qa5 Ra8 20. Rf3 Qe7 21.
Rb3 h5 22. Rc4 Rf8 23. a4 Rd8 24. Kh1 a6 25. Kg1 Rb8 26. Qb6 Re8 27. g3 h4 28.
Rbc3 hxg3 29. hxg3 Rd8 30. a5 Kg7 31. Rc2 Ra8 32. Rh2 Rf8 33. Rc3 Bb8 34. Kg2
Ba7 35. Qc7 Qxc7 36. Rxc7 Bb8 37. Rc4 Bd6 38. Kg1 Rd8 39. g4 Rb8 40. Rc3 Bxe5
41. dxe5 Rd4 42. Re2 Bd7 43. Rd3 Rxd3 44. Bxd3 Bc6 45. Kf2 Rh8 46. Kg3 Rd8 47.
Bc4 Rd1 48. Rc2 Rg1+ 49. Kh3 Be4 50. Rd2 Bf3 51. g5 Kf8 52. Rd7 Rg2 53. b3 Rg1
54. Rc7 Be4 55. Rc8+ Ke7 56. Rc7+ Ke8 57. Be2 Re1 58. Bc4 Re3+ 59. Kh4 Bf5 60.
Bf1 Rf3 61. Bg2 Rxf4+ 62. Kg3 Rg4+ 63. Kf2 Be4 64. Bxe4 Rxe4 65. Rc5 Kd8 66.
Kf3 Rh4 67. Kf2 Rg4 68. Kf3 Rxg5 69. Kf4 Rf5+ 70. Ke4 f6 71. b4 Rxe5+ 72. Rxe5
fxe5 73. Kxe5 Ke7 74. Kf4 Kd7 75. Ke5 Kc6 76. Kxe6 b6 77. Kf6 bxa5 78. bxa5 Kb5
79. Ke5 Kxa5 80. Ke4 Kb4 81. Ke3 a5 82. Kf4 a4 83. Kg5 a3 84. Kxg6 a2 {
lambChop resigns} 0-1

[Event "ICS rated blitz match"]
[Site "204.178.125.65"]
[Date "2000.09.09"]
[Round "?"]
[White "Hossa"]
[Black "lambChop"]
[Result "1-0"]
[WhiteElo "2597"]
[BlackElo "2509"]
[PlyCount "94"]
[EventDate "2000.??.??"]

1. e4 e5 2. Nf3 Nc6 3. Nc3 Nf6 4. Nxe5 Nxe5 5. d4 Ng6 6. e5 Ng8 7. Bc4 d5 8.
Bxd5 c6 9. Bb3 Bf5 10. a3 Qh4 11. Be3 Nh6 12. g3 Qh3 13. Bxh6 Qxh6 14. h4 O-O-O
15. Qf3 Be6 16. Bxe6+ fxe6 17. Qg4 Ne7 18. Ne4 Nf5 19. c3 Be7 20. b4 Kb8 21.
O-O Rd5 22. a4 Rhd8 23. a5 Ka8 24. a6 b6 25. Qe2 Qg6 26. h5 Qf7 27. g4 Nh4 28.
f4 g6 29. h6 Qf8 30. Ng5 Bxg5 31. fxg5 Qe7 32. Rf6 c5 33. bxc5 bxc5 34. Qe4 Nf5
35. Rb1 cxd4 36. c4 Qc5 37. cxd5 d3+ 38. Kg2 Qe3 39. Qxe3 Nxe3+ 40. Kf3 Nxd5
41. Rf7 Nb6 42. Rxh7 Nc4 43. Rbb7 Nxe5+ 44. Ke4 Nc6 45. Rhd7 Rc8 46. Rbc7 Rxc7
47. Rxc7 Nb8 {lambChop resigns} 1-0

[Event "ICS rated standard match"]
[Site "204.178.125.65"]
[Date "2000.09.09"]
[Round "?"]
[White "Hossa"]
[Black "nitmo"]
[Result "1-0"]
[WhiteElo "2337"]
[BlackElo "2020"]
[PlyCount "104"]
[EventDate "2000.??.??"]

1. e4 e5 2. Nf3 Nc6 3. Nc3 Nf6 4. Nxe5 Nxe5 5. d4 Nc6 6. d5 Bb4 7. dxc6 bxc6 8.
Qd4 Bxc3+ 9. Qxc3 O-O 10. f3 Re8 11. Bd3 d5 12. O-O dxe4 13. fxe4 Nxe4 14. Qxc6
Bd7 15. Qd5 Nf6 16. Qd4 Bc6 17. Qc5 Qd5 18. Qxd5 Bxd5 19. Bf4 c5 20. Rae1 c4
21. Bf5 c3 22. bxc3 Bxa2 23. Rxe8+ Rxe8 24. Ra1 Bc4 25. Bd3 Bxd3 26. cxd3 Nd5
27. Bd2 Re7 28. c4 Nb6 29. Kf2 h6 30. Bb4 Rd7 31. Ke2 Kh7 32. h4 Kg6 33. Ra5 f5
34. Bc3 Re7+ 35. Re5 Rxe5+ 36. Bxe5 Nd7 37. d4 a5 38. Bc7 a4 39. Kd3 Kh5 40.
Kc3 Kxh4 41. Kb4 g5 42. Kxa4 f4 43. Bd8 Kg3 44. c5 Kxg2 45. c6 f3 46. cxd7 f2
47. Be7 f1=Q 48. d8=Q Qc4+ 49. Ka5 Qc3+ 50. Kb6 Qb3+ 51. Kc7 Qc4+ 52. Bc5 Qxd4
{nitmo resigns} 1-0

[Event "ICS rated standard match"]
[Site "204.178.125.65"]
[Date "2000.09.09"]
[Round "?"]
[White "MDMUCI"]
[Black "Hossa"]
[Result "0-1"]
[WhiteElo "1924"]
[BlackElo "2341"]
[PlyCount "56"]
[EventDate "2000.??.??"]

1. e4 e5 2. Nf3 Nc6 3. d4 exd4 4. Nxd4 Nf6 5. Nc3 Bb4 6. Nxc6 bxc6 7. Bd3 Bxc3+
8. bxc3 d5 9. e5 Qe7 10. O-O Ng4 11. f4 Qc5+ 12. Kh1 Nf2+ 13. Rxf2 Qxf2 14. Ba3
Qxf4 15. Qe2 Bg4 16. Qe1 Bf5 17. Ba6 Qa4 18. Bb7 Rb8 19. e6 Rxb7 20. exf7+ Kxf7
21. Qe7+ Kg6 22. Re1 Qxc2 23. h4 h6 24. Re3 Qf2 25. Bc5 Kh7 26. Bd4 Rg8 27. Rf3
Qxa2 28. Rxf5 Qb1+ {MDMUCI resigns} 0-1

[Event "ICS rated blitz match"]
[Site "204.178.125.65"]
[Date "2000.09.09"]
[Round "?"]
[White "Hossa"]
[Black "sirezex"]
[Result "1-0"]
[WhiteElo "2613"]
[BlackElo "2193"]
[PlyCount "61"]
[EventDate "2000.??.??"]

1. e4 e6 2. d4 c5 3. d5 exd5 4. exd5 d6 5. Nc3 Nf6 6. Nf3 Be7 7. Be2 O-O 8. O-O
a6 9. Bf4 Bg4 10. Re1 Nbd7 11. Nd2 Bxe2 12. Qxe2 Re8 13. Qf3 Qc7 14. Nc4 Bf8
15. a4 Rxe1+ 16. Rxe1 Re8 17. Rxe8 Nxe8 18. a5 b5 19. axb6 Nxb6 20. Ne3 g6 21.
Qe2 Qd7 22. Qxa6 Nc8 23. b3 f5 24. Nb5 Nf6 25. f3 Ne8 26. Nc4 h6 27. Qa8 Kg7
28. Bc1 g5 29. Bb2+ Kg6 30. Qa6 Be7 31. Ne5+ {sirezex resigns} 1-0

[Event "ICS rated blitz match"]
[Site "204.178.125.65"]
[Date "2000.09.09"]
[Round "?"]
[White "kokomo"]
[Black "Hossa"]
[Result "1-0"]
[WhiteElo "1915"]
[BlackElo "2616"]
[PlyCount "127"]
[EventDate "2000.??.??"]

1. d4 d5 2. Nf3 Nf6 3. c4 e6 4. Nc3 c6 5. e3 Nbd7 6. Bd3 dxc4 7. Bxc4 Nb6 8.
Bd3 c5 9. O-O cxd4 10. exd4 Be7 11. Ne5 a6 12. Ne4 Nxe4 13. Bxe4 O-O 14. Be3
Nd5 15. Re1 Nxe3 16. Rxe3 Rb8 17. Bxh7+ Kh8 18. Qh5 Bg5 19. Bg6+ Bh6 20. Bxf7
Bd7 21. Rh3 Qf6 22. Nxd7 Qxf7 23. Qxf7 Rxf7 24. Nxb8 Kg8 25. Re1 Rf8 26. Nd7
Rd8 27. Nc5 Rxd4 28. Nxe6 Rc4 29. Rd3 Rc2 30. Rb3 b5 31. Rd1 Rc6 32. Nd4 Rd6
33. Rbd3 Bg5 34. Nf3 Rxd3 35. Rxd3 Be7 36. Rd7 Bf6 37. Ra7 Bxb2 38. Rxa6 b4 39.
Rb6 Bc3 40. Rb7 Kh7 41. Kf1 Kg6 42. Ke2 Kf5 43. Kd3 Ke6 44. Kc4 Kd6 45. Rxb4
Bxb4 46. Kxb4 Ke7 47. a4 Kd6 48. a5 Kc7 49. Kb5 Kb7 50. g4 Kc7 51. h4 Kb7 52.
g5 Kc7 53. h5 Kd6 54. h6 Ke7 55. a6 Ke6 56. a7 gxh6 57. a8=Q hxg5 58. Qe4+ Kd7
59. Qg6 g4 60. Nd2 Kd8 61. Qg7 Ke8 62. Kc6 g3 63. Kd6 Kd8 64. Qd7# {
Hossa checkmated} 1-0

[Event "ICS rated standard match"]
[Site "204.178.125.65"]
[Date "2000.09.09"]
[Round "?"]
[White "Hossa"]
[Black "PostModernist"]
[Result "0-1"]
[WhiteElo "2344"]
[BlackElo "2479"]
[PlyCount "112"]
[EventDate "2000.??.??"]

1. d4 Nf6 2. c4 c5 3. d5 g6 4. Nc3 Bg7 5. e4 d6 6. Nf3 O-O 7. Be2 e6 8. Bg5 h6
9. Bh4 exd5 10. cxd5 g5 11. Bg3 Nh5 12. Nd2 Nxg3 13. hxg3 Nd7 14. Qc2 Qf6 15.
O-O Ne5 16. Bb5 a6 17. Be2 b5 18. a4 b4 19. Nd1 Re8 20. Ne3 Bd7 21. Rfe1 g4 22.
Nf5 Bxf5 23. exf5 Qg5 24. Rac1 Red8 25. a5 Qh5 26. Nc4 Kh8 27. Nb6 Ra7 28. Bf1
Kg8 29. Re3 Bf6 30. Rce1 Qg5 31. Nc4 Qg7 32. Bd3 Raa8 33. Nxe5 Bxe5 34. R3e2
Rdb8 35. Bc4 Qf6 36. Bb3 Rb5 37. Ra1 Qd8 38. Qc4 h5 39. Qc1 Kh7 40. Bc2 f6 41.
Bb3 Rxa5 42. Rb1 Qf8 43. Bc4 Qh6 44. Qc2 h4 45. gxh4 Qxh4 46. g3 Qh3 47. Re4
Kh8 48. Rbe1 Ra7 49. Bf1 Qh5 50. Bc4 Rh7 51. Kf1 Qh1+ 52. Ke2 Qf3+ 53. Kd2
Qxf2+ 54. R1e2 Qxg3 55. Qd3 Qg1 56. Qc2 Ra1 0-1

[Event "ICS rated standard match"]
[Site "204.178.125.65"]
[Date "2000.09.09"]
[Round "?"]
[White "Interceptor"]
[Black "Hossa"]
[Result "1-0"]
[WhiteElo "2596"]
[BlackElo "2334"]
[PlyCount "121"]
[EventDate "2000.??.??"]

1. d4 Nf6 2. Nf3 e6 3. c4 Bb4+ 4. Bd2 Be7 5. e3 Ne4 6. Bd3 Nxd2 7. Qxd2 O-O 8.
Nc3 d6 9. O-O Na6 10. Bc2 c5 11. a3 cxd4 12. exd4 Bd7 13. b4 Nc7 14. b5 d5 15.
Qd3 g6 16. c5 Bf6 17. Rab1 Qe7 18. Qe3 Bg7 19. a4 Rfe8 20. Rfe1 Qf6 21. b6 axb6
22. Rxb6 Bc8 23. Ne5 Qh4 24. Ne2 Na6 25. a5 Nb8 26. Ba4 Rf8 27. Nf3 Qd8 28. Qd2
Nd7 29. Bxd7 Qxd7 30. Nc3 Ra6 31. Reb1 Qe7 32. Na4 Rd8 33. Rxa6 bxa6 34. c6 Qc7
35. Rc1 Rd6 36. Qc3 Rd8 37. Nb6 Bh6 38. Rb1 Bf4 39. Na8 Qe7 40. c7 Re8 41. Rb8
Qf8 42. Nb6 g5 43. g3 g4 44. gxf4 gxf3 45. Qxf3 Kh8 46. Nxc8 f6 47. Qh5 Qg8+
48. Kf1 Rxc8 49. Rxc8 Qxc8 50. Qf7 h6 51. Qxf6+ Kh7 52. Qf7+ Kh8 53. f3 h5 54.
h4 e5 55. f5 exd4 56. Kf2 Qg8 57. Qxh5+ Qh7 58. c8=Q+ Kg7 59. Qg5+ Kf7 60. Qd7+
Kf8 61. Qgd8# {Hossa checkmated} 1-0

[Event "ICS rated standard match"]
[Site "204.178.125.65"]
[Date "2000.09.09"]
[Round "?"]
[White "Hossa"]
[Black "Dorky"]
[Result "1-0"]
[WhiteElo "2328"]
[BlackElo "2265"]
[PlyCount "99"]
[EventDate "2000.??.??"]

1. e4 e5 2. Nf3 Nc6 3. Nc3 g6 4. d4 exd4 5. Nxd4 Bg7 6. Be3 Nf6 7. Nxc6 bxc6 8.
e5 Ng8 9. Bd4 Qe7 10. Qe2 Nh6 11. Ne4 Nf5 12. Bc3 O-O 13. Nf6+ Bxf6 14. exf6
Qd6 15. Rd1 Qc5 16. Rd2 d6 17. Qc4 Re8+ 18. Re2 Be6 19. Qxc5 dxc5 20. Kd1 Nd4
21. Re3 Bxa2 22. Rxe8+ Rxe8 23. Bxd4 cxd4 24. b3 a5 25. Bc4 a4 26. Kd2 c5 27.
Ra1 axb3 28. cxb3 Ra8 29. b4 cxb4 30. Rxa2 Ra3 31. Kc2 g5 32. Rxa3 bxa3 33. Kb3
a2 34. Kxa2 g4 35. Kb3 h5 36. Bd3 Kf8 37. Kc4 Kg8 38. Kxd4 c5+ 39. Kxc5 Kh8 40.
Kd6 Kg8 41. Ke7 g3 42. fxg3 h4 43. Bc4 Kh7 44. Bxf7 Kh6 45. gxh4 Kh7 46. g4 Kh6
47. Be6 Kh7 48. Bf5+ Kh6 49. f7 Kg7 50. f8=Q# {Dorky checkmated} 1-0

[Event "ICS rated standard match"]
[Site "204.178.125.65"]
[Date "2000.09.09"]
[Round "?"]
[White "PostModernist"]
[Black "Hossa"]
[Result "1-0"]
[WhiteElo "2481"]
[BlackElo "2341"]
[PlyCount "93"]
[EventDate "2000.??.??"]

1. d4 Nf6 2. c4 c5 3. d5 g6 4. Nc3 Bg7 5. e4 d6 6. f4 e6 7. Nf3 exd5 8. cxd5
Nbd7 9. Bd3 O-O 10. O-O Re8 11. Re1 Nb6 12. a4 a5 13. Bb5 Re7 14. e5 Ne8 15.
Be3 Bg4 16. Bf2 dxe5 17. Bh4 g5 18. fxg5 Nd6 19. g6 hxg6 20. Bxe7 Qxe7 21. h3
Bf5 22. g4 Bc8 23. Qe2 Nxb5 24. Qxb5 Nd7 25. Ne4 b6 26. d6 Qe8 27. Nfg5 Ba6 28.
Qc6 Rb8 29. Qd5 Nf6 30. Nxf6+ Bxf6 31. Ne4 Bg7 32. d7 Qd8 33. Rad1 Bb7 34. Qd6
Ra8 35. h4 Bh8 36. Ng5 Bf6 37. Rf1 Be7 38. Qxe5 Bxg5 39. hxg5 b5 40. Rf2 c4 41.
Rh2 f6 42. Qe6+ Kf8 43. Rh7 Bd5 44. Qxd5 Qb6+ 45. Kf1 Qf2+ 46. Kxf2 Rd8 47.
Qf7# {Hossa checkmated} 1-0

[Event "ICS rated blitz match"]
[Site "204.178.125.65"]
[Date "2000.09.09"]
[Round "?"]
[White "Dorky"]
[Black "Hossa"]
[Result "0-1"]
[WhiteElo "2447"]
[BlackElo "2586"]
[PlyCount "92"]
[EventDate "2000.??.??"]

1. e4 e5 2. Nf3 Nc6 3. Bb5 a6 4. Ba4 Nf6 5. Qe2 b5 6. Bb3 Bc5 7. O-O d6 8. d3
Bg4 9. Be3 Nd4 10. Bxd4 Bxd4 11. c3 Bb6 12. a4 O-O 13. axb5 axb5 14. Rxa8 Qxa8
15. h3 Bh5 16. g4 Bg6 17. Nh4 Qb7 18. Nd2 Ra8 19. Nxg6 hxg6 20. Nf3 Nh7 21. d4
exd4 22. cxd4 c6 23. e5 Re8 24. Qd3 d5 25. Qd2 Nf8 26. Ra1 Ne6 27. Ra2 Ra8 28.
Rxa8+ Qxa8 29. Qc3 Qa1+ 30. Kh2 Qf1 31. Kg3 f5 32. gxf5 gxf5 33. Qd2 Qh1 34.
Ng5 f4+ 35. Kh4 Nxg5 36. Qd3 Nf3+ 37. Kg4 Qg2+ 38. Kxf4 Bxd4 39. Ba2 Qxh3 40.
Qxf3 g5+ 41. Kxg5 Qxf3 42. Bb1 Bc5 43. Kg6 Be7 44. Bf5 Qg2+ 45. Bg4 Qxg4+ 46.
Kh6 Bf8# {Dorky checkmated} 0-1

[Event "ICS rated blitz match"]
[Site "204.178.125.65"]
[Date "2000.09.09"]
[Round "?"]
[White "Hossa"]
[Black "Dorky"]
[Result "1/2-1/2"]
[WhiteElo "2596"]
[BlackElo "2437"]
[PlyCount "255"]
[EventDate "2000.??.??"]

1. e4 c5 2. Nf3 e6 3. d4 cxd4 4. Nxd4 Nc6 5. Nc3 a6 6. Be2 d6 7. O-O Nf6 8.
Nxc6 bxc6 9. e5 dxe5 10. Qxd8+ Kxd8 11. Rd1+ Ke8 12. Bg5 Nd5 13. Ne4 Be7 14.
Bxe7 Kxe7 15. a3 a5 16. Rab1 f5 17. Nc5 a4 18. Ra1 Rd8 19. g3 Kd6 20. b4 axb3
21. Nxb3 Ke7 22. Bc4 Kf6 23. a4 e4 24. Nc5 Rb8 25. h3 Rb2 26. Bb3 Re8 27. a5
Nc3 28. Re1 Re7 29. h4 h5 30. Kh2 e5 31. a6 Ra7 32. Kg1 Kg6 33. Kg2 Kh7 34. Kh2
Kh8 35. Kg1 Kh7 36. Ra5 g6 37. Raa1 Kg7 38. Kg2 Kh7 39. Kh2 Kg7 40. Rac1 Bd7
41. Nxd7 Rxd7 42. Ra1 Ra7 43. Rf1 Nb5 44. g4 hxg4 45. Rfc1 Nc7 46. Ra5 Rxa6 47.
Rxe5 Nd5 48. Bxd5 cxd5 49. Rxd5 Raa2 50. Rd7+ Kh6 51. Rc7 Ra3 52. Kg2 Rh3 53.
Rh1 e3 54. Rxh3 gxh3+ 55. Kxh3 exf2 56. Kg2 Rb4 57. c4 Rb2 58. c5 Kh5 59. Rh7+
Kg4 60. Rg7 Kh5 61. Rh7+ Kg4 62. Rg7 Kxh4 63. Rxg6 f4 64. c6 Rc2 65. Kf1 Kh5
66. Rg8 Kh4 67. Rg6 Kh3 68. c7 Rxc7 69. Kxf2 Rc3 70. Rh6+ Kg4 71. Rg6+ Kf5 72.
Rh6 Re3 73. Rh5+ Kg4 74. Rh2 Rf3+ 75. Kg2 Rb3 76. Rh6 Rb2+ 77. Kf1 f3 78. Rg6+
Kf5 79. Rh6 Ke4 80. Re6+ Kf4 81. Rf6+ Kg3 82. Rg6+ Kh3 83. Rh6+ Kg4 84. Rg6+
Kf4 85. Rf6+ Ke4 86. Re6+ Kf5 87. Rh6 Ra2 88. Rh5+ Kf4 89. Rd5 Ke3 90. Re5+ Kd3
91. Rd5+ Ke4 92. Rd1 Ke3 93. Re1+ Re2 94. Rd1 Kf4 95. Rd4+ Kg3 96. Rd5 Ra2 97.
Rg5+ Kh3 98. Rf5 Kg4 99. Re5 Kg3 100. Rg5+ Kf4 101. Rd5 Re2 102. Rd4+ Ke5 103.
Rg4 Kf5 104. Rh4 Kg5 105. Rd4 Rc2 106. Rd5+ Kg4 107. Re5 Kg3 108. Rg5+ Kh3 109.
Rh5+ Kg3 110. Rg5+ Kf4 111. Rd5 Kg3 112. Rg5+ Kh4 113. Re5 Kg4 114. Rb5 Kg3
115. Rg5+ Kh3 116. Rh5+ Kg4 117. Re5 Rc1+ 118. Kf2 Kf4 119. Rd5 Rc2+ 120. Kf1
Rc1+ 121. Kf2 Ke4 122. Rg5 Rc2+ 123. Kf1 Ke3 124. Re5+ Kd3 125. Rd5+ Ke4 126.
Rg5 Ke3 127. Re5+ Kd3 128. Rd5+ 1/2-1/2

[Event "ICS rated blitz match"]
[Site "204.178.125.65"]
[Date "2000.09.09"]
[Round "?"]
[White "rmdg567"]
[Black "Hossa"]
[Result "0-1"]
[WhiteElo "1985"]
[BlackElo "2599"]
[PlyCount "76"]
[EventDate "2000.??.??"]

1. e4 e6 2. d4 d5 3. Nc3 Bb4 4. a3 Bxc3+ 5. bxc3 dxe4 6. Qg4 Nf6 7. Qxg7 Rg8 8.
Qh6 Rg6 9. Qe3 Bd7 10. Ne2 Ba4 11. Nf4 Rg8 12. Be2 Bxc2 13. O-O Nc6 14. Bb2 e5
15. dxe5 Nxe5 16. c4 Nfg4 17. Qc3 Bd3 18. Bxd3 Nxd3 19. Nxd3 Qxd3 20. Qxd3 exd3
21. Rfe1+ Kf8 22. h3 Nh6 23. Rad1 Rd8 24. Re3 d2 25. Re2 Rg6 26. Rexd2 Rxd2 27.
Rxd2 Nf5 28. Be5 Rc6 29. Rc2 f6 30. Bb2 Re6 31. Kf1 Kf7 32. g4 Nh4 33. Rc3 Rd6
34. Ke2 Ng6 35. Rf3 h6 36. Rf5 a6 37. f4 Re6+ 38. Kf3 Nh4+ {rmdg567 resigns}
0-1

[Event "ICS rated blitz match"]
[Site "204.178.125.65"]
[Date "2000.09.09"]
[Round "?"]
[White "Hossa"]
[Black "rmdg567"]
[Result "1-0"]
[WhiteElo "2600"]
[BlackElo "1984"]
[PlyCount "73"]
[EventDate "2000.??.??"]

1. e4 c5 2. Nf3 d6 3. d4 cxd4 4. Nxd4 Nf6 5. Nc3 g6 6. Be3 Bg7 7. f3 O-O 8. Qd2
Nc6 9. Bc4 Bd7 10. O-O-O Qc7 11. Ncb5 Qb8 12. Bd3 a6 13. Nc3 b5 14. Nxc6 Bxc6
15. Kb1 b4 16. Ne2 a5 17. Nd4 Bd7 18. Bh6 Rc8 19. g4 Bh8 20. Nf5 Bxf5 21. exf5
a4 22. Rhe1 Qb7 23. g5 Nh5 24. Be4 Qd7 25. Bxa8 Rxa8 26. fxg6 hxg6 27. Qxb4 a3
28. b3 Qf5 29. Rxe7 Qxf3 30. Qe1 Ng7 31. Rxd6 Nf5 32. Rxg6+ Kh7 33. Rf6 Bxf6
34. Rxf7+ Bg7 35. Bxg7 Kg6 36. Qe6+ Kh7 37. g6+ {rmdg567 resigns} 1-0

[Event "ICS rated blitz match"]
[Site "204.178.125.65"]
[Date "2000.09.09"]
[Round "?"]
[White "Hossa"]
[Black "Dorky"]
[Result "1/2-1/2"]
[WhiteElo "2601"]
[BlackElo "2434"]
[PlyCount "99"]
[EventDate "2000.??.??"]

1. e4 e6 2. d4 d5 3. Nc3 Nf6 4. Bg5 Bb4 5. e5 h6 6. Bd2 Bxc3 7. bxc3 Ne4 8. Qg4
g6 9. Nf3 c5 10. Bb5+ Bd7 11. a4 Qa5 12. Rb1 Bxb5 13. axb5 Nxd2 14. Kxd2 Nd7
15. Qf4 cxd4 16. Qxd4 O-O 17. Qe3 Rfc8 18. Ra1 Qxb5 19. Rhb1 Qc6 20. Kd1 b6 21.
Qxh6 Qxc3 22. Ra2 Nxe5 23. Rb3 Qc7 24. Ng5 f6 25. Nxe6 Qd7 26. Nf4 Qg7 27.
Qxg7+ Kxg7 28. Rh3 Rc4 29. Ne6+ Kg8 30. f4 Nc6 31. c3 d4 32. Rc2 Rc8 33. f5 Nb4
34. Rh6 gxf5 35. Rg6+ Kf7 36. Rg7+ Kxe6 37. Re2+ Kd6 38. cxb4 Rxb4 39. Rxa7
Rb1+ 40. Kd2 Rcc1 41. Ree7 Rd1+ 42. Kc2 Rbc1+ 43. Kb2 Rb1+ 44. Kc2 d3+ 45. Kc3
Kc5 46. Red7 Rbc1+ 47. Kb3 Rb1+ 48. Kc3 Rbc1+ 49. Kb3 Rb1+ 50. Kc3 1/2-1/2

[Event "ICS rated blitz match"]
[Site "204.178.125.65"]
[Date "2000.09.09"]
[Round "?"]
[White "Alex1731"]
[Black "Hossa"]
[Result "0-1"]
[WhiteElo "2016"]
[BlackElo "2594"]
[PlyCount "32"]
[EventDate "2000.??.??"]

1. e4 e5 2. Nf3 Nc6 3. Bc4 Bc5 4. b4 Bxb4 5. c3 Ba5 6. d4 d6 7. Qb3 Qd7 8. O-O
exd4 9. cxd4 Bb6 10. Bb2 Na5 11. Qb5 c6 12. Qg5 Nxc4 13. Qxg7 Qg4 14. Ng5 Nxb2
15. h3 Qf4 16. Qxh8 Qxg5 {Alex1731 resigns} 0-1

[Event "ICS rated blitz match"]
[Site "204.178.125.65"]
[Date "2000.09.09"]
[Round "?"]
[White "Hossa"]
[Black "Alex1731"]
[Result "1-0"]
[WhiteElo "2595"]
[BlackElo "2015"]
[PlyCount "37"]
[EventDate "2000.??.??"]

1. e4 e6 2. d4 d5 3. Nc3 Bb4 4. e5 Ne7 5. a3 Ba5 6. Bd3 Nbc6 7. Nf3 Bd7 8. O-O
a6 9. Ne2 b5 10. Kh1 h6 11. c3 Nf5 12. Nf4 g5 13. Nh5 Qe7 14. Nf6+ Kd8 15. b4
Bb6 16. Bxf5 exf5 17. Nxd5 Qe6 18. Nxb6 cxb6 19. d5 {Alex1731 resigns} 1-0

[Event "ICS rated blitz match"]
[Site "204.178.125.65"]
[Date "2000.09.09"]
[Round "?"]
[White "Alex1731"]
[Black "Hossa"]
[Result "0-1"]
[WhiteElo "2014"]
[BlackElo "2596"]
[PlyCount "43"]
[EventDate "2000.??.??"]

1. e4 e5 2. Nf3 Nc6 3. Bc4 Nf6 4. Ng5 d5 5. exd5 Nd4 6. c3 b5 7. cxd4 bxc4 8.
Qa4+ Qd7 9. Qxd7+ Nxd7 10. dxe5 Nxe5 11. O-O Be7 12. Ne4 Nd3 13. Nbc3 Rb8 14.
h3 f5 15. Ng3 f4 16. Nge4 f3 17. g3 Bxh3 18. Rd1 a5 19. b3 cxb3 20. axb3 Rxb3
21. Rxa5 O-O 22. Nc5 {Alex1731 resigns} 0-1

[Event "ICS rated blitz match"]
[Site "204.178.125.65"]
[Date "2000.09.09"]
[Round "?"]
[White "Alex1731"]
[Black "Hossa"]
[Result "0-1"]
[WhiteElo "2012"]
[BlackElo "2598"]
[PlyCount "33"]
[EventDate "2000.??.??"]

1. e4 e5 2. f4 exf4 3. Nf3 g5 4. Bc4 g4 5. Ne5 Qh4+ 6. Kf1 f3 7. d4 Nf6 8. Nc3
Bb4 9. Bf4 Bxc3 10. Bg3 fxg2+ 11. Kxg2 Qh3+ 12. Kg1 Bxb2 13. Rb1 d6 14. Nxf7
Rf8 15. Ng5 Qh6 16. Rxb2 Qxg5 17. Bd3 {Alex1731 resigns} 0-1

[Event "ICS rated blitz match"]
[Site "204.178.125.65"]
[Date "2000.09.09"]
[Round "?"]
[White "Hossa"]
[Black "Alex1731"]
[Result "1-0"]
[WhiteElo "2599"]
[BlackElo "2011"]
[PlyCount "52"]
[EventDate "2000.??.??"]

1. e4 c5 2. Nf3 Nc6 3. d4 cxd4 4. Nxd4 Nf6 5. Nc3 d6 6. Bg5 e6 7. Qd2 Be7 8.
O-O-O O-O 9. f4 d5 10. exd5 Nxd5 11. Bxe7 Qxe7 12. Kb1 Nxc3+ 13. Qxc3 Nxd4 14.
Rxd4 Qf6 15. Bb5 a6 16. Be2 e5 17. Re4 Bf5 18. fxe5 Qg6 19. Rc4 Rac8 20. g4 Be6
21. Rxc8 Rxc8 22. Qd3 Qh6 23. Qe4 b5 24. c3 b4 25. cxb4 Rd8 26. Rd1 Rxd1+ {
Alex1731 resigns} 1-0

[Event "ICS rated blitz match"]
[Site "204.178.125.65"]
[Date "2000.09.09"]
[Round "?"]
[White "Hossa"]
[Black "Alex1731"]
[Result "1-0"]
[WhiteElo "2600"]
[BlackElo "2010"]
[PlyCount "47"]
[EventDate "2000.??.??"]

1. e4 c5 2. Nf3 Nc6 3. d4 cxd4 4. Nxd4 e5 5. Nb5 d6 6. N1c3 a6 7. Na3 Be6 8.
Nc4 Nf6 9. Be3 b5 10. Nb6 Rb8 11. Nbd5 Be7 12. Be2 O-O 13. O-O h6 14. a3 Kh7
15. a4 b4 16. Nxf6+ Bxf6 17. Nd5 a5 18. Nxf6+ Qxf6 19. Qxd6 Nd4 20. Bxd4 exd4
21. f4 Rfd8 22. Qa6 Qg6 23. f5 Bxf5 24. Rxf5 {Alex1731 resigns} 1-0